000 00941nam0a22002291i 4500
001 rc\4825842
005 20240724125908.0
021 _aRU
_b[67-104780]
035 _a(NLR Aleph) 008803184
090 _a8114756
_c8114756
100 _a20130426d1967 |||y0rusy50 ca
101 0 _arus
102 _aRU
105 _aa d |||||
200 1 _aКоличественные показатели элементов крон ели в спелых ельниках-кисличниках Латвийской ССР
_eСпециальность № 562
_eЛесоводство
_eАвтореферат дис. на соискание учен. степени канд. с.-х. наук
_fЛатв. с.-х. акад.
210 _aЕлгава
_d1967
215 _a23 с.
_cчерт.
700 1 _aШтибе
_bУ.Л.
_gУлдис Людвигович
801 0 _aRU
_bNLR
_gpsbo
801 1 _aRU
_bELAR
_2rusmarc
852 _aNLR
_j68-4/3837
942 _cBOOK